000 00599nam a2200217Ia 4500
003 OSt
005 20220923225054.0
006 a|||||r|||| 00| 0
007 ta
008 Pun
024 _a256,285
037 _cTextual
040 _aARTS
_cARTS
_bPun
041 _2Pun
_aPun
082 _aQ8441:68.23671AT, 153P2
100 _aਸੁਖਦਿਆਲ ਸਿੰਘ
_9156275
245 0 _aਸ੍ਰੀ ਅਕਾਲ ਗ॥ਤ ਸਾਹਿਬ
260 _c2002
942 _hQ8441:68.23671AT, 153P2
_cTEXL
_2CC
999 _c375844
_d375844